| 000 | 006300000a22002290004500 | ||
|---|---|---|---|
| 003 | LK-CoMWRAF | ||
| 005 | 20230828111650.0 | ||
| 008 | 230817t1982 ||||| |||| 00| 0 eng d | ||
| 020 | _a8531554405 | ||
| 040 |
_aLK-CoMWRAF _dLK-CoMWRAF _eLK-CoMWRAF |
||
| 041 | _aeng | ||
| 082 |
_a305.42 _bFEM |
||
| 245 | _aFeminism, culture and politics | ||
| 260 |
_aLondon; _bLawrence and Wishart, _c1982 |
||
| 300 | _a190 p., 4 p. of plates : ill. ; 22 cm | ||
| 650 | _aWOMEN-History | ||
| 650 | _aFeminism | ||
| 650 | _aWomen -- Social conditions | ||
| 700 |
_aBrunt, Rosalind _eed. |
||
| 700 |
_aRowan, Caroline _eed. |
||
| 942 | _cBK | ||
| 999 |
_c1814 _d1814 |
||